Butts of Leno's Political Jokes Quiz Stats

 Plays Quiz not verified by Sporcle

Score 0/20 Timer 03:00
0 Plays Today
Rank Person % Correct
4Barack Obama
90.3%
2George W. Bush
73.4%
1Bill Clinton
72.7%
3Al Gore
63%
12George H.W. Bush
53.9%
5Hillary Clinton
52.6%
6Dick Cheney
52.6%
9John McCain
51.9%
14Sarah Palin
48.7%
17Joe Biden
48.7%
Rank Person % Correct
10Mitt Romney
47.4%
11John Kerry
41.6%
18Dan Quayle
37%
8Bob Dole
35.7%
13Newt Gingrich
27.3%
15Arnold Schwarzenegger
25.3%
15Ross Perot
22.1%
19John Edwards
19.5%
7Monica Lewinsky
7.8%
20Osama bin Laden
6.5%

You're not logged in!

Compare scores with friends on all Sporcle quizzes.
OR
Log In

Show Comments

Extras

Top Quizzes Today


Score Distribution

Your Account Isn't Verified!

In order to create a playlist on Sporcle, you need to verify the email address you used during registration. Go to your Sporcle Settings to finish the process.

Report this User

Report this user for behavior that violates our Community Guidelines.

Details: